| 000 | 00734nam a2200229 cc4500 | ||
|---|---|---|---|
| 001 | 000030542 | ||
| 003 | RuMoIPM | ||
| 005 | 20260513111414.0 | ||
| 008 | 230210s1956 ru ||||||| |||| ||rus d | ||
| 035 | _a(RuMoBEN) 002102365 | ||
| 035 | _a(ELAR retro) [2022] 000126888 | ||
| 040 |
_aRuMoBEN _brus _ercr |
||
| 041 | 0 | _arus | |
| 044 | _aru | ||
| 080 | _a510(075.8) | ||
| 245 | 1 | 0 |
_aТ. 3, ч. 1 _cВ. И. Смирнов |
| 250 | _a7-е изд. | ||
| 260 |
_aМосква _bГостехиздат _c1956 |
||
| 300 |
_a328 с. _bчерт. |
||
| 773 |
_aСмирнов, Владимир Иванович _tКурс высшей математики: [Учебная литература для вузов] _w000018741 |
||
| 942 | _cBK | ||
| 999 |
_c30542 _d30542 |
||